ا ر د و شا عر ی کا ا نتخا ب (Record no. 171034)

MARC details
000 -LEADER
fixed length control field 00715nam a22001937a 4500
005 - DATE AND TIME OF LATEST TRANSACTION
control field 20200110154810.0
010 ## - LCCN (DPL NO)
LC control number A-678326
020 ## - INTERNATIONAL STANDARD BOOK NUMBER
Terms of availability 75.00
International Standard Book Number -
035 ## - SYSTEM CONTROL NUMBER
System control number A-678326
037 ## - SOURCE OF ACQUISITION
Source of stock number/acquisition BPPD
082 ## - DEWEY DECIMAL CLASSIFICATION NUMBER
Classification number 841
100 ## - MAIN ENTRY--PERSONAL NAME
Personal name محی ا لد ين قا د ر ی ز و ر
245 ## - TITLE STATEMENT
Title ا ر د و شا عر ی کا ا نتخا ب
Statement of responsibility, etc محی ا لد ين قا د ر ی ز و ر
246 ## - VARYING FORM OF TITLE
Title proper/short title Urdu Shairi Ka Intekhab (Urdu)
Remainder of title by Syed Mohiuddin Qadri Zore
260 ## - PUBLICATION, DISTRIBUTION, ETC. (IMPRINT)
Place of publication, distribution, etc N.Delhi
Date of publication, distribution, etc 1960 ء
Name of publisher, distributor, etc Sahitya Acedemy
270 ## - ADDRESS
City N.Delhi
Telephone number -
Postal code 110001
Address 35,Ravinder Bhawan Firoz Shah Road,
300 ## - PHYSICAL DESCRIPTION
Extent 306 ص
Dimensions 22 cm(hb)
942 ## - ADDED ENTRY ELEMENTS (KOHA)
Source of classification or shelving scheme Dewey Decimal Classification
Item type Urdu Bks
Classification part 841
Call number suffix م ح ی
Holdings
Withdrawn status Lost status Not for loan Collection code Home library Current library Date acquired Source of acquisition Cost, normal purchase price Full call number Barcode Copy number Cost, replacement price Koha item type
      Non-fiction Central Library Central Library 03/01/2020 BPPD/Ven. 75.00 841 م ح ی A-678326 1 75.00 Urdu Bks

© Delhi Public Library
Hit Counter
free hit counter